Statistics for TOP 10 Countries in: Paper Production

Click here to take the quiz!

General Stats

  • This quiz has been taken 193 times
  • The average score is 7 of 10

Answer Stats

Production (1,000 ton)ShareAnswer% Correct
75,08318.8%United States
98%
99,30024.9%China
97%
12,1123.0%Canada
85%
10,1592.5%Brazil
79%
22,6985.7%Germany
78%
26,6276.7%Japan
74%
10,0352.5%Indonesia
58%
11,2982.8%Sweden
57%
11,3292.8%Finland
53%
11,4922.9%South Korea
53%

Score Distribution

Percentile by Number Answered

Percent of People with Each Score

Your Score History

You have not taken this quiz